000 00557 a2200181 4500
999 _c4672
_d4672
010 _aENG-86530
020 _a8120321242
_c350.00
035 _aEN-70063
037 _bDBAD / PUB
082 1 4 _a629.832
100 1 _aGhosh, Arun K.
245 1 _aIntroduction to linear and digital control systems /
_cby Arun K.Ghosh
260 _aNew Delhi
_bPrentice Hall of India
_c2007
270 _aM-97, Connaught Circus
_bNew Delhi
_e110 001
300 _axv, 580 p.
_c23cm (Pbk)
500 _aincludes index
942 _adpl
_cEN
_2ddc
_h629.832
_mGHO